[Event "West Wales op"]
[Site "Swansea"]
[Date "2019.10.12"]
[Round "2"]
[White "Kozusek, Daniel"]
[Black "Jones, Ian Robert"]
[Result "1-0"]
[WhiteElo "2338"]
[BlackElo "1975"]
[PlyCount "76"]
[EventDate "2019.10.11"]
[EventType "swiss"]
[EventRounds "5"]
[EventCountry "WLS"]
[SourceTitle "EXT 2022"]
[Source "ChessBase"]
[SourceDate "2021.10.06"]
[SourceVersion "1"]
[SourceVersionDate "2021.10.06"]
[SourceQuality "1"]

1. d4 d6 2. Nf3 Nc6 3. e4 Nf6 4. d5 Nb8 5. Bd3 c6 6. 0-0 g6 7. h3 Bg7 8. c4 0-0 9. Nc3 Nbd7 10. Re1 Ne5 11. Nxe5 dxe5 12. dxc6 bxc6 13. Be3 Be6 14. Qc2 Nh5 15. Bf1 Qc7 16. Na4 Nf4 17. Nc5 Rfd8 18. g3 Nxh3+ 19. Kh2 Nf4 20. gxf4 exf4 21. Nxe6 fxe6 22. Bd2 f3+ 23. e5 Bxe5+ 24. Kg1 Bd4 25. Be3 Qe5 26. Bh3 Qh5 27. Bxe6+ Kf8 28. Qe4 Be5 29. Qxe5 Qxe5 30. Bh6+ Qg7 31. Bxg7+ Kxg7 32. Rad1 h5 33. Bd7 Rab8 34. Rxe7+ Kf6 35. Re3 Rxb2 36. Rxf3+ Ke7 37. Re3+ Kf8 38. Rd6 Kf7 1-0

[Event "West Wales op"]
[Site "Swansea"]
[Date "2018.10.19"]
[Round "1"]
[White "Jones, Ian Robert"]
[Black "Morgans, Justin"]
[Result "1-0"]
[WhiteElo "2006"]
[BlackElo "1769"]
[PlyCount "39"]
[EventDate "2018.10.12"]
[EventType "swiss"]
[EventRounds "5"]
[EventCountry "WLS"]
[SourceTitle "EXT 2020"]
[Source "ChessBase"]
[SourceDate "2019.10.17"]
[SourceVersion "1"]
[SourceVersionDate "2019.10.17"]
[SourceQuality "1"]

1. e4 c5 2. Nf3 d6 3. d4 cxd4 4. Nxd4 Nf6 5. Nc3 a6 6. Be3 e6 7. f3 Be7 8. Qd2 Nc6 9. 0-0-0 Bd7 10. Kb1 b5 11. g4 0-0 12. g5 Ne8 13. Nxc6 Bxc6 14. Ne2 Qc7 15. Nd4 Qb7 16. h4 a5 17. g6 hxg6 18. h5 e5 19. hxg6 exd4 20. Rh8+ 1-0

[Event "WLS-chT 1718"]
[Site "Wales"]
[Date "2018.01.21"]
[Round "3.5"]
[White "Jones, Ian Robert"]
[Black "Davis, Lee"]
[Result "0-1"]
[WhiteElo "1960"]
[BlackElo "1932"]
[PlyCount "116"]
[EventDate "2017.10.22"]
[EventType "team-tourn"]
[EventRounds "5"]
[EventCountry "WLS"]
[SourceTitle "EXT 2020"]
[Source "ChessBase"]
[SourceDate "2019.10.17"]
[SourceVersion "1"]
[SourceVersionDate "2019.10.17"]
[SourceQuality "1"]
[WhiteTeam "Nidum"]
[BlackTeam "The Vale"]
[WhiteTeamCountry "WLS"]
[BlackTeamCountry "WLS"]

1. e4 g6 2. d4 d6 3. c3 Nf6 4. Bd3 Bg7 5. f4 0-0 6. Nf3 Bg4 7. h3 Bxf3 8. Qxf3 c6 9. 0-0 Nbd7 10. e5 Nd5 11. Na3 Nc7 12. Nc2 a5 13. Bd2 dxe5 14. fxe5 Bxe5 15. Bc4 e6 16. dxe5 Nxe5 17. Qe2 Nxc4 18. Bh6 Qh4 19. Bxf8 Rxf8 20. Nd4 Nb6 21. Qe5 Qe7 22. b3 f6 23. Qe1 e5 24. Kh1 Qc5 25. Nf3 Nbd5 26. c4 Nf4 27. Rd1 Nce6 28. Rd7 Rf7 29. Rxf7 Kxf7 30. Qh4 Kg7 31. Rd1 Qe7 32. Qe1 Nc5 33. Kh2 Ncd3 34. Qxa5 e4 35. Ne1 Qd6 36. c5 Qe5 37. Nxd3 Nxd3+ 38. g3 Nxc5 39. Qd2 Nd3 40. Rf1 f5 41. h4 Qd4 42. Qg5 Qf6 43. Qe3 Ne5 44. Kh1 Ng4 45. Qf4 Qd8 46. Re1 e3 47. Kg1 Qd3 48. Qf3 Qd2 49. Qe2 Qd6 50. Qf3 Qd4 51. Qe2 Qe4 52. Qb2+ Kh6 53. Qe2 c5 54. a4 b6 55. Qf1 Ne5 56. Kh2 Nf3+ 57. Kh3 Qg4+ 58. Kg2 Nxh4+ 0-1

[Event "West Wales op"]
[Site "Swansea"]
[Date "2016.11.27"]
[Round "5"]
[White "Turner, Joseph David"]
[Black "Jones, Ian Robert"]
[Result "0-1"]
[WhiteElo "1942"]
[BlackElo "1973"]
[PlyCount "46"]
[EventDate "2016.11.25"]
[EventType "swiss"]
[EventRounds "5"]
[EventCountry "WLS"]
[SourceTitle "EXT 2019"]
[Source "ChessBase"]
[SourceDate "2018.10.10"]
[SourceVersion "1"]
[SourceVersionDate "2018.10.10"]
[SourceQuality "1"]

1. e4 e5 2. f4 d5 3. exd5 exf4 4. Bc4 Nf6 5. Nf3 Nxd5 6. 0-0 Be6 7. Bxd5 Qxd5 8. Nc3 Qa5 9. d4 Nc6 10. Bxf4 0-0-0 11. a3 Nxd4 12. Nxd4 Rxd4 13. Qf3 Bd6 14. Ne2 Rd5 15. b4 Qa6 16. Qg3 Qxe2 17. Bxd6 Rxd6 18. Qxg7 Rhd8 19. Qxh7 Rd2 20. Qg7 Bd5 21. Rf6 Qxg2+ 22. Qxg2 Rxg2+ 23. Kf1 Rxh2 0-1

[Event "West Wales op"]
[Site "Swansea"]
[Date "2016.11.25"]
[Round "2"]
[White "Jones, Ian Robert"]
[Black "Bevan, Peter M"]
[Result "0-1"]
[WhiteElo "1973"]
[BlackElo "1940"]
[PlyCount "98"]
[EventDate "2016.11.25"]
[EventType "swiss"]
[EventRounds "5"]
[EventCountry "WLS"]
[SourceTitle "EXT 2019"]
[Source "ChessBase"]
[SourceDate "2018.10.10"]
[SourceVersion "1"]
[SourceVersionDate "2018.10.10"]
[SourceQuality "1"]

1. e4 c5 2. Nf3 e6 3. Nc3 a6 4. d4 cxd4 5. Nxd4 Qc7 6. g3 Bb4 7. Nde2 Nf6 8. Bg2 b5 9. a3 Ba5 10. b4 Bb6 11. Bf4 e5 12. Bg5 Bb7 13. Bxf6 gxf6 14. Qd3 Bc6 15. Rd1 Ke7 16. 0-0 d6 17. Kh1 Nd7 18. f4 Raf8 19. Nd5+ Bxd5 20. exd5 h5 21. h3 Rh6 22. Qf5 Qc4 23. Ng1 Bxg1 24. Kxg1 Rc8 25. Rf2 Qc3 26. Bf3 Rg8 27. Kg2 exf4 28. Qxf4 Rhg6 29. g4 Ne5 30. Be4 Nxg4 31. Bxg6 Nxf2 32. Kxf2 Rxg6 33. Re1+ Kd7 34. Qf5+ Kd8 35. Re3 Qd2+ 36. Re2 Rg2+ 37. Kxg2 Qxe2+ 38. Kh1 Qe5 39. Qf3 h4 40. Kg1 Qe1+ 41. Kg2 Qd2+ 42. Kg1 Qc1+ 43. Kg2 Qxc2+ 44. Kh1 f5 45. Qh5 Qe4+ 46. Kh2 Qf4+ 47. Kh1 Ke7 48. Qh7 Qf3+ 49. Kg1 Qg3+ 0-1